| 000 | 00432nam a2200133Ia 4500 | ||
|---|---|---|---|
| 008 | 250506s9999 xx 000 0 und d | ||
| 024 | _a07A-129-EE, 07A-140-EE & 07A-154-EE | ||
| 082 | _a620.072 FUR | ||
| 100 | _aM. Furqan Ali, Talha Bin Asad & Saqib Mehmood Sheikh | ||
| 245 | 0 | _aAutomated Railway Tracking System | |
| 260 |
_aKarachi: _bUIT, _c2007 |
||
| 600 | _aElectronic Engineering | ||
| 650 | _aBachelor of Engineering (BE) | ||
| 999 |
_c27890 _d27890 |
||